000 01137nam a22003137a 4500
003 URS
005 20260223164111.0
008 260218t2024 ph ||||| |||| 001 0 eng d
020 _a9786214272150
040 _aDLC
_beng
_cDLC
_dDLC
_dURS
_erda
082 _a338.5
_bAd951 2024
100 _aBacay, Rene Boy.,
_eauthors.
245 _aAdvanced managerial economics and public policy /
_cRene Boy Bacay, ... [six others]
264 _aIntramuros, Manila:
_bUnlimited Books Library Services & Publishing Inc.,
_c[2024]
300 _aviii, 368 pages;
_c25 cm.
336 _2rdacontent
_atext
_btxt
337 _2rdamedia
_aunmediated
_bn
338 _2rdacarrier
_avolume
_bnc
504 _aIncludes bibliographical references (page 367), and indexes.
650 _aManagerial economics.
650 _aPublic economy.
700 _aAbante, Marmelo,
_eauthors.
700 _aVigonte, Florinda,
_eco-authors.
700 _aPonce De Leon, Eva Marie C.,
_eco-authors.
700 _aMalang, Bernandino, P.,
_eco-authors.
700 _aLagrazon, Jennifer Edytha J.,
_eco-authors.
700 _aBacay, Erika,
_eco-authors.
942 _2ddc
_cF
999 _c98754
_d98751